000 00331nam a22001457a 4500
008 210602b ||||| |||| 00| 0 eng d
020 _a2900136114528
041 _aeng
080 _27th
_a330.101.541
082 _a330.101.541
100 _a52
101 _aMAKRO
245 _aMacroeconomics
_cAndrew B. Abel
942 _2udc
_cBK
999 _c57931
_d57931